Dějiny ekonomických teorií

Guardado en:
Detalles Bibliográficos
Autor principal: Sojka, Milan
Formato: Libro
Lenguaje:checo
Publicado: Praha Karolinum 2000
Materias:
Etiquetas: Agregar Etiqueta
Sin Etiquetas, Sea el primero en etiquetar este registro!

MARC

LEADER 00000nam a2200000 4500
001 c123834
005 20221108082816.3
020 |a 80-7184-991-X 
041 0 |a cze 
044 |a CZ 
245 1 0 |a Dějiny ekonomických teorií  |c Milan Sojka 
264 1 |a Praha  |b Karolinum  |c 2000 
300 |a 298 s. 
610 2 0 |a dejiny teórií ekonomických 
610 2 0 |a dejiny myslenia ekonomického 
610 2 0 |a makroekonomika 
610 2 0 |a vývoj hospodársky 
610 2 0 |a škola historická 
610 2 0 |a škola socialistická 
610 2 0 |a neoricardiánstvo 
610 2 0 |a škola klasická 
610 2 0 |a ekonómia politická 
610 2 0 |a teória vývoja hospodárskeho 
100 1 |a Sojka, Milan